<?xml version="1.0" encoding="UTF-8"?>
<marc:record xmlns:marc="http://www.loc.gov/MARC21/slim">
   <marc:leader>00000nam a2200000 a 4500</marc:leader>
   <marc:datafield ind1="1" ind2=" " tag="100">
      <marc:subfield code="a">Fawzia al - Rawi, Rosina</marc:subfield>
      <marc:subfield code="4">aut</marc:subfield>
      <marc:subfield code="e">Verfasser/-in</marc:subfield>
   </marc:datafield>
   <marc:datafield ind1=" " ind2=" " tag="653">
      <marc:subfield code="a">MORGENLAND</marc:subfield>
   </marc:datafield>
   <marc:datafield ind1=" " ind2=" " tag="653">
      <marc:subfield code="a">Orient</marc:subfield>
   </marc:datafield>
   <marc:datafield ind1=" " ind2=" " tag="653">
      <marc:subfield code="a">FRAUENSCHICKSAL</marc:subfield>
   </marc:datafield>
   <marc:datafield ind1="0" ind2="0" tag="245">
      <marc:subfield code="a">Tante Fatima kauft einen Teppich.</marc:subfield>
   </marc:datafield>
   <marc:datafield ind1="0" ind2="0" tag="245">
      <marc:subfield code="b">mein Leben im Morgenland der Frauen</marc:subfield>
   </marc:datafield>
   <marc:datafield ind1="0" ind2="0" tag="245">
      <marc:subfield code="c">Rosina-Fawzia AL-RAWI</marc:subfield>
   </marc:datafield>
   <marc:datafield ind1=" " ind2="1" tag="264">
      <marc:subfield code="a">Düsseldorf</marc:subfield>
      <marc:subfield code="b">Diederichs</marc:subfield>
      <marc:subfield code="c">2002</marc:subfield>
   </marc:datafield>
   <marc:datafield ind1="1" ind2=" " tag="520">
      <marc:subfield code="a">Kurzbeschreibung: Wenn Tante Fatima in Bagdad einen Teppich kauft, prüft sie den Händler mit einem ungewöhnlichen Mittel auf Herz und Nieren: Sie fordert ihn zu einem Gedicht-Duell heraus. Ihre Nichte Rosina-Fawzia, die sie begleiten darf, lernt schnell, dass die Aufrichtigkeit eines Verkäufers nur an seinen poetischen Fähigkeiten zu messen ist. Zumindest in den Augen ihrer gebildeten und stolzen Tante. Rosina-Fawzia Al-Rawi, in Bagdad als Tochter eines Irakers und einer Österreicherin geboren, verlebt ihre Kindheit und Jugend in verschiedenen orientalischen Ländern vom Irak über den Libanon bis Syrien und Kuwait.</marc:subfield>
   </marc:datafield>
   <marc:datafield ind1=" " ind2=" " tag="020">
      <marc:subfield code="a">9783720523257</marc:subfield>
      <marc:subfield code="9">9783720523257</marc:subfield>
   </marc:datafield>
   <marc:datafield ind1=" " ind2=" " tag="020">
      <marc:subfield code="a">372052325X</marc:subfield>
      <marc:subfield code="9">372052325X</marc:subfield>
   </marc:datafield>
   <marc:datafield ind1=" " ind2=" " tag="300">
      <marc:subfield code="a">302 S.</marc:subfield>
   </marc:datafield>
</marc:record>
